[Event "Campos Migjorn op"]
[Site "Campos"]
[Date "2019.09.07"]
[Round "2"]
[White "Garcia Feore, Daniel James"]
[Black "Escandell Antic, Marc"]
[Result "1-0"]
[WhiteElo "1562"]
[BlackElo "1416"]
[PlyCount "47"]
[EventDate "2019.09.06"]
[EventType "swiss"]
[EventRounds "8"]
[EventCountry "ESP"]
[SourceTitle "EXT 2020"]
[Source "ChessBase"]
[SourceDate "2019.10.17"]
[SourceVersion "1"]
[SourceVersionDate "2019.10.17"]
[SourceQuality "1"]

1. e4 c5 2. Nf3 Nc6 3. d4 cxd4 4. Nxd4 g6 5. Be3 Bg7 6. Nc3 Nf6 7. f3 0-0 8. Qd2 d5 9. exd5 Nxd5 10. Nxd5 Qxd5 11. Nxc6 Qxd2+ 12. Bxd2 bxc6 13. 0-0-0 Be6 14. b3 Rfd8 15. Ba6 Bc8 16. Bc4 a5 17. Bg5 Re8 18. a4 c5 19. Bb5 h6 20. Bxe8 hxg5 21. Bc6 Rb8 22. Rd8+ Kh7 23. Bd7 Bxd7 24. Rxb8 1-0